| 000 | 00475nam a2200193Ia 4500 | ||
|---|---|---|---|
| 008 | 170918s9999 xx 000 0 und d | ||
| 020 | _a9780590339760 | ||
| 050 | _bA419 1985 | ||
| 100 | _aAllard, Harry | ||
| 245 | _aMiss Nelson has a field day / | ||
| 245 | _cHarry Allard and James Marshall. | ||
| 260 | _aNew York : | ||
| 260 | _bScholastic, | ||
| 260 | _c1985 | ||
| 300 | _a32 pages : | ||
| 300 | _bcolored illustration ; | ||
| 300 | _c23cm. | ||
| 500 | _a390 | ||
| 999 |
_c341198 _d341198 |
||